[Event "11th Panam-ch (w)"]
[Site "Manzanillo MEX"]
[Date "2016.11.12"]
[Round "9.5"]
[White "Hernandez Moya, Yuleisy"]
[Black "Eswaran, Ashritha"]
[Result "1/2-1/2"]
[WhiteElo "2232"]
[BlackElo "2134"]
[EventDate "2016.11.06"]
[PlyCount "142"]

1.e4 c5 2.Nf3 d6 3.Bb5+ Nd7 4.O-O Nf6 5.Re1 a6 6.Bf1 Ne5 7.d3 Bg4 8.Nbd2 
e6 9.h3 Bh5 10.Be2 Nxf3+ 11.Bxf3 Bxf3 12.Qxf3 e5 13.Nf1 h6 14.c3 Be7 15.
Qg3 g6 16.a4 Nh5 17.Qg4 Bg5 18.g3 Qd7 19.Kg2 Bxc1 20.Rexc1 Qxg4 21.hxg4 
Nf6 22.Ne3 Ke7 23.a5 Rad8 24.Re1 Kd7 25.Ra3 Kc7 26.Rb3 Rhe8 27.Rb6 Re6 28.
Rh1 h5 29.Nd5+ Nxd5 30.exd5 Re7 31.gxh5 Rh8 32.hxg6 Rxh1 33.Kxh1 fxg6 34.
b4 cxb4 35.Rxb4 Kb8 36.Kg2 Rc7 37.c4 Rc5 38.Ra4 Kc7 39.Kf3 b5 40.axb6+ 
Kxb6 41.Rb4+ Kc7 42.Kg4 Ra5 43.Rb3 Ra2 44.f4 exf4 45.Kxf4 a5 46.Kg5 a4 47.
Rb4 Rg2 48.g4 a3 49.Ra4 a2 50.d4 Kb6 51.Ra3 Rd2 52.Kxg6 Rxd4 53.g5 Rd2 54.
Kf6 Kc5 55.Ra4 Rf2+ 56.Kg7 Kd4 57.g6 Kc5 58.Kh7 Rh2+ 59.Kg8 Rg2 60.g7 Rf2 
61.Ra8 Kxc4 62.Kh7 Rh2+ 63.Kg6 Rg2+ 64.Kf7 Rf2+ 65.Ke6 Rg2 66.Rxa2 Rxg7 
67.Kxd6 Rg6+ 68.Ke5 Rg5+ 69.Ke6 Rxd5 70.Rc2+ Kd3 71.Kxd5 Kxc2 1/2-1/2

[Event "11th Panam-ch (w)"]
[Site "Manzanillo MEX"]
[Date "2016.11.12"]
[Round "9.6"]
[White "Nejanky, Maisa"]
[Black "Parkhurst Casas, Miriam"]
[Result "1-0"]
[WhiteElo "2073"]
[BlackElo "2013"]
[EventDate "2016.11.06"]
[PlyCount "133"]

1.e4 e5 2.Nf3 Nc6 3.d4 exd4 4.Nxd4 Bb4+ 5.c3 Bc5 6.Be3 Bb6 7.Nd2 Nf6 8.Bb5
O-O 9.O-O Nxd4 10.Bxd4 c6 11.Bd3 Bxd4 12.cxd4 d6 13.Qc2 Re8 14.Rfe1 h6 15.
Rad1 Bd7 16.Qc3 b5 17.Bb1 Rc8 18.e5 dxe5 19.dxe5 Nd5 20.Qd3 g6 21.Qf3 Qg5 
22.Qg3 Qxg3 23.hxg3 Kg7 24.Nb3 Be6 25.Nc5 Nb6 26.b3 Nd5 27.Ne4 Re7 28.Rc1 
Rcc7 29.Nc5 Re8 30.f4 Ne7 31.Be4 Rd8 32.Red1 Rxd1+ 33.Rxd1 Nd5 34.Bf3 a5 
35.a3 h5 36.Kf2 Ra7 37.Rc1 Rc7 38.Rd1 Rc8 39.Rc1 Rc7 40.Be4 Ne7 41.Bf3 Rc8
42.Nxe6+ fxe6 43.g4 hxg4 44.Bxg4 Kf7 45.Rh1 Nf5 46.Rh7+ Kg8 47.Ra7 c5 48.
Rxa5 c4 49.bxc4 bxc4 50.Bxf5 gxf5 51.Ke2 c3 52.Kd1 c2+ 53.Kc1 Rc4 54.g3 
Rc3 55.a4 Rxg3 56.Ra8+ Kf7 57.Ra7+ Kg8 58.a5 Rc3 59.a6 Rc6 60.Ra8+ Kg7 61.
a7 Ra6 62.Kxc2 Kh7 63.Kb3 Ra1 64.Kb4 Kg7 65.Kc5 Kf7 66.Rh8 Rc1+ 67.Kb4 1-0

[Event "11th Panam-ch (w)"]
[Site "Manzanillo MEX"]
[Date "2016.11.12"]
[Round "9.8"]
[White "Besso, Guadalupe"]
[Black "Roca Rojas, Ana Flavia"]
[Result "0-1"]
[WhiteElo "1987"]
[BlackElo "2218"]
[EventDate "2016.11.06"]
[PlyCount "74"]

1.d4 Nf6 2.c4 c5 3.d5 b5 4.cxb5 a6 5.b6 Qxb6 6.Nc3 d6 7.e4 g6 8.a4 Qb4 9.
Bd3 Nbd7 10.Ne2 Bg7 11.O-O Qb7 12.a5 O-O 13.h3 Qc7 14.Be3 Rb8 15.Ra2 e6 
16.Ng3 exd5 17.exd5 Re8 18.Qe2 Qb7 19.Qd2 Ne5 20.Be2 Qb4 21.Qc1 Qb7 22.f4 
Ned7 23.Bf3 Qc7 24.Kh2 Rb4 25.Bd2 Rb8 26.Qc2 h5 27.Nge4 Nxe4 28.Nxe4 Nf6 
29.b4 c4 30.Rc1 Nxd5 31.Qxc4 Qxc4 32.Rxc4 Be6 33.Nxd6 Red8 34.f5 gxf5 35.
Bxd5 Bxd5 36.Bf4 Bxc4 37.Nxc4 Rxb4 0-1

[Event "11th Panam-ch (w)"]
[Site "Manzanillo MEX"]
[Date "2016.11.12"]
[Round "9.9"]
[White "Heredia Serrano, Carla"]
[Black "Fuentes Godoy, Lilia Ivonne"]
[Result "1/2-1/2"]
[WhiteElo "2103"]
[BlackElo "2099"]
[EventDate "2016.11.06"]
[PlyCount "98"]

1.e4 c5 2.Nf3 Nc6 3.Bb5 e6 4.Bxc6 bxc6 5.d3 Ne7 6.Qe2 d5 7.c4 Ng6 8.O-O 
Be7 9.Nc3 O-O 10.b3 Qa5 11.Na4 Qb4 12.Re1 Bd7 13.Bb2 d4 14.Qc2 e5 15.Qc1 
Bg4 16.Ba3 Qa5 17.Qd2 Qd8 18.Kh1 Bxf3 19.gxf3 Bg5 20.Qe2 Bf4 21.Rg1 Qh4 
22.Rg2 Qh3 23.Rag1 Kh8 24.Bxc5 Rfe8 25.Ba3 Nh4 26.Rg3 Bxg3 27.fxg3 Ng6 28.
Nb2 Qc8 29.c5 Qa6 30.Nc4 Nf8 31.f4 Nd7 32.Qg4 Re7 33.b4 f6 34.Rf1 Qa4 35.
Rf2 Rb8 36.Kg2 a6 37.Qf5 Qd1 38.Na5 g6 39.Qh3 Nxc5 40.bxc5 Rb1 41.Qc8+ Kg7
42.Nxc6 Qg1+ 43.Kh3 Qxf2 44.Nxe7 Qf1+ 45.Kh4 g5+ 46.fxg5 fxg5+ 47.Kxg5 
Qf6+ 48.Kg4 Qxe7 49.c6 h5+ 1/2-1/2

[Event "11th Panam-ch (w)"]
[Site "Manzanillo MEX"]
[Date "2016.11.12"]
[Round "9.10"]
[White "Frometa Castillo, Zirka"]
[Black "Sanchez Matias, Nuria Angelica"]
[Result "1/2-1/2"]
[WhiteElo "2123"]
[BlackElo "1749"]
[EventDate "2016.11.06"]
[PlyCount "84"]

1.d4 Nf6 2.Bf4 g6 3.e3 Bg7 4.h3 O-O 5.Nd2 c5 6.c3 cxd4 7.cxd4 Nc6 8.Ngf3 
d6 9.Bc4 e5 10.dxe5 dxe5 11.Nxe5 Nd5 12.Nxc6 bxc6 13.Bxd5 Qxd5 14.e4 Qb5 
15.Qb3 Be6 16.Qxb5 cxb5 17.e5 f6 18.O-O fxe5 19.Bg5 Bd5 20.b3 Rf5 21.Be3 
Rff8 22.Rac1 Rfc8 23.f3 a5 24.Ne4 Bxe4 25.fxe4 a4 26.b4 Bf8 27.a3 Kg7 28.
Kf2 Bd6 29.Ke2 Be7 30.Rfd1 Kf7 31.g3 Rab8 32.h4 h5 33.Rd5 Rxc1 34.Bxc1 Ke6
35.Bb2 Bf6 36.Rc5 Rb7 37.Bc3 Rb6 38.Bb2 Rb7 39.Bc3 Rb6 40.Bb2 Rb7 41.Bc3 
Rb6 42.Rc8 Kf7 1/2-1/2